00708cam a2200193 a 450000100100000000500170001000800410002704000300006808200250009810000660012324500990018925000110028826000450029930000210034450400420036561000280040765100380043565100410047300001386720200929163358.0890720s1987 pe b 001 0 spa  aDO-SdBNPbspacDLCdBNPHU a324.285bG216f, 19871 aGarcía, Aland1949-q(Alan Gabriel Ludwig García Pérez)13aEl futuro diferente :bla tarea histórica del APRA, cinco años después /cAlan García. a2a ed. aLima, Perú :bEdiciones E.M.I.,c1987. a278 p. ;c21 cm. aIncluye referencias bibliográficas.24aPARTIDO APRISTA PERUANO 4aPerúxCiondiciones Económicas 4aPerúxPolítica Y Gobiernoy1980-